| 000 | 00634nam a22002177a 4500 | ||
|---|---|---|---|
| 999 |
_c17668 _d17668 |
||
| 003 | AR-CdUCM | ||
| 008 | 190426b ||||| |||| 00| 0 spa d | ||
| 020 | _a968-16-7571-1 | ||
| 040 |
_aMUNICIPALIDAD PROVINCIAL DEL CUSCO _cBIBLIOTECA MUNICIPAL DEL CUSCO |
||
| 082 |
_a828.93 / _bSO67 |
||
| 100 |
_aSomerset Maugham, W _9594 |
||
| 245 | _aDon Fernando / | ||
| 260 |
_aMéxico : _bDiana, |
||
| 300 |
_a195 páginas ; _c19 cm. |
||
| 505 | _aContenido : Historia, Novela | ||
| 650 |
_aHistoria _9136 |
||
| 650 |
_aLiteratura inglesa _91015 |
||
| 650 |
_aAutores ingleses _94522 |
||
| 942 |
_2ddc _cLIBROS |
||
| 945 |
_awnts _d2019-05-09 |
||